000 00472nam a2200181 a 4500
005 20140414132134.0
008 131113s19uu xx 00 eng d
020 _a9781426307454
050 _aREF 599.53
_bMar365 2010
100 _aMarsh, Laura
245 _aWhales.
250 _aLevel 3
260 _aWashington ,DC :
_bNational Geographic Society,
_cc2010.
300 _a48
440 _aNational Geographic Kids
650 _aMammals-
_xwhales
999 _c115299
_d115299